000 00781nam a2200229 a 4500
999 _c5993
_d5993
001 5993
003 BD-JhCC
005 20171231172338.0
008 171231s1993 bg a|||| ||a| 000 0 ben d
035 _a(BD-JhCC)5993
040 _aBD-JhCC
_dBD-JhCC
041 _aben
082 _a891.4403
_bDAN 1993
245 _aধান শালিকের দেশ /
_cমোহাম্মদ হারুন-উর-রশিদ সম্পাদক
260 _aঢাকা :
_bবাংলা একাডেমী,
_c১৯৯৩.
300 _a69 p. :
_bIll, ;
_c24 cm.
650 _aJuvinile Magazine
650 _aChildren's Liturature , Bengali
_xPeriodicals
700 _aরশিদ , মোহাম্মদ হারুন-উর-
942 _2ddc
_cBK